<?xml version="1.0" encoding="UTF-8"?>
<record
    xmlns:xsi="http://www.w3.org/2001/XMLSchema-instance"
    xsi:schemaLocation="http://www.loc.gov/MARC21/slim http://www.loc.gov/standards/marcxml/schema/MARC21slim.xsd"
    xmlns="http://www.loc.gov/MARC21/slim">

  <leader>00766nam a22001937a 4500</leader>
  <datafield tag="999" ind1=" " ind2=" ">
    <subfield code="c">196284</subfield>
    <subfield code="d">196284</subfield>
  </datafield>
  <controlfield tag="005">20230718151622.0</controlfield>
  <datafield tag="010" ind1=" " ind2=" ">
    <subfield code="a">B-754800-812                            CHEN 25.5.23</subfield>
  </datafield>
  <datafield tag="020" ind1=" " ind2=" ">
    <subfield code="a">9788181533887</subfield>
    <subfield code="c">290.00</subfield>
  </datafield>
  <datafield tag="035" ind1=" " ind2=" ">
    <subfield code="a">B-754800-812</subfield>
  </datafield>
  <datafield tag="037" ind1=" " ind2=" ">
    <subfield code="b">Rainbow Books</subfield>
  </datafield>
  <datafield tag="082" ind1=" " ind2=" ">
    <subfield code="a">000</subfield>
  </datafield>
  <datafield tag="245" ind1=" " ind2=" ">
    <subfield code="a">Big Book of Knowledge /</subfield>
  </datafield>
  <datafield tag="260" ind1=" " ind2=" ">
    <subfield code="a">Delhi</subfield>
    <subfield code="b">Rainbow Books</subfield>
    <subfield code="c">2016(repr.)</subfield>
  </datafield>
  <datafield tag="270" ind1=" " ind2=" ">
    <subfield code="a">F-32, Street No.12, Parwana Road, Jagat Puri, Delhi</subfield>
    <subfield code="b">Delhi</subfield>
    <subfield code="e">110051</subfield>
  </datafield>
  <datafield tag="300" ind1=" " ind2=" ">
    <subfield code="a">104p.</subfield>
    <subfield code="b">col.ill</subfield>
    <subfield code="c">25cm(Hb)</subfield>
  </datafield>
  <datafield tag="500" ind1=" " ind2=" ">
    <subfield code="a">A Book of Questions &amp; Answers</subfield>
  </datafield>
  <datafield tag="942" ind1=" " ind2=" ">
    <subfield code="2">ddc</subfield>
    <subfield code="c">CH</subfield>
    <subfield code="m">BIG</subfield>
    <subfield code="h">000</subfield>
  </datafield>
  <datafield tag="952" ind1=" " ind2=" ">
    <subfield code="0">0</subfield>
    <subfield code="1">0</subfield>
    <subfield code="4">0</subfield>
    <subfield code="7">0</subfield>
    <subfield code="8">NFIC</subfield>
    <subfield code="a">L</subfield>
    <subfield code="b">L</subfield>
    <subfield code="d">2023-07-18</subfield>
    <subfield code="e">Rainbow Books/CH/RB/13597/14.3.23/459/2.3.23/22.3.23</subfield>
    <subfield code="g">290.00</subfield>
    <subfield code="l">0</subfield>
    <subfield code="o">000 BIG</subfield>
    <subfield code="p">B-754800</subfield>
    <subfield code="r">2023-07-18 00:00:00</subfield>
    <subfield code="t">1</subfield>
    <subfield code="v">290.00</subfield>
    <subfield code="w">2023-07-18</subfield>
    <subfield code="y">CH</subfield>
  </datafield>
  <datafield tag="952" ind1=" " ind2=" ">
    <subfield code="0">0</subfield>
    <subfield code="1">0</subfield>
    <subfield code="4">0</subfield>
    <subfield code="7">0</subfield>
    <subfield code="8">NFIC</subfield>
    <subfield code="a">M</subfield>
    <subfield code="b">M</subfield>
    <subfield code="d">2023-07-18</subfield>
    <subfield code="e">Rainbow Books/CH/RB/13597/14.3.23/459/2.3.23/22.3.23</subfield>
    <subfield code="g">290.00</subfield>
    <subfield code="l">0</subfield>
    <subfield code="o">000 BIG</subfield>
    <subfield code="p">B-754801</subfield>
    <subfield code="r">2023-07-18 00:00:00</subfield>
    <subfield code="t">2</subfield>
    <subfield code="v">290.00</subfield>
    <subfield code="y">CH</subfield>
  </datafield>
  <datafield tag="952" ind1=" " ind2=" ">
    <subfield code="0">0</subfield>
    <subfield code="1">0</subfield>
    <subfield code="4">0</subfield>
    <subfield code="7">0</subfield>
    <subfield code="8">NFIC</subfield>
    <subfield code="a">M</subfield>
    <subfield code="b">M</subfield>
    <subfield code="d">2023-07-18</subfield>
    <subfield code="e">Rainbow Books/CH/RB/13597/14.3.23/459/2.3.23/22.3.23</subfield>
    <subfield code="g">290.00</subfield>
    <subfield code="l">0</subfield>
    <subfield code="o">000 BIG</subfield>
    <subfield code="p">B-754802</subfield>
    <subfield code="r">2023-07-18 00:00:00</subfield>
    <subfield code="t">2</subfield>
    <subfield code="v">290.00</subfield>
    <subfield code="y">CH</subfield>
  </datafield>
  <datafield tag="952" ind1=" " ind2=" ">
    <subfield code="0">0</subfield>
    <subfield code="1">0</subfield>
    <subfield code="4">0</subfield>
    <subfield code="7">0</subfield>
    <subfield code="8">NFIC</subfield>
    <subfield code="a">NPL</subfield>
    <subfield code="b">NPL</subfield>
    <subfield code="d">2023-07-18</subfield>
    <subfield code="e">Rainbow Books/CH/RB/13597/14.3.23/459/2.3.23/22.3.23</subfield>
    <subfield code="g">290.00</subfield>
    <subfield code="l">0</subfield>
    <subfield code="o">000 BIG</subfield>
    <subfield code="p">B-754803</subfield>
    <subfield code="r">2023-07-18 00:00:00</subfield>
    <subfield code="t">1</subfield>
    <subfield code="v">290.00</subfield>
    <subfield code="y">CH</subfield>
  </datafield>
  <datafield tag="952" ind1=" " ind2=" ">
    <subfield code="0">0</subfield>
    <subfield code="1">0</subfield>
    <subfield code="4">0</subfield>
    <subfield code="7">0</subfield>
    <subfield code="8">NFIC</subfield>
    <subfield code="a">AV</subfield>
    <subfield code="b">AV</subfield>
    <subfield code="d">2023-07-18</subfield>
    <subfield code="e">Rainbow Books/CH/RB/13597/14.3.23/459/2.3.23/22.3.23</subfield>
    <subfield code="g">290.00</subfield>
    <subfield code="l">1</subfield>
    <subfield code="o">000 BIG</subfield>
    <subfield code="p">B-754804</subfield>
    <subfield code="r">2025-06-24 00:00:00</subfield>
    <subfield code="s">2025-06-24</subfield>
    <subfield code="t">1</subfield>
    <subfield code="v">290.00</subfield>
    <subfield code="y">CH</subfield>
  </datafield>
  <datafield tag="952" ind1=" " ind2=" ">
    <subfield code="0">0</subfield>
    <subfield code="1">0</subfield>
    <subfield code="4">0</subfield>
    <subfield code="7">0</subfield>
    <subfield code="8">NFIC</subfield>
    <subfield code="a">BL1</subfield>
    <subfield code="b">BL1</subfield>
    <subfield code="d">2023-07-18</subfield>
    <subfield code="e">Rainbow Books/CH/RB/13597/14.3.23/459/2.3.23/22.3.23</subfield>
    <subfield code="g">290.00</subfield>
    <subfield code="l">1</subfield>
    <subfield code="o">000 BIG</subfield>
    <subfield code="p">B-754805</subfield>
    <subfield code="r">2024-01-12 00:00:00</subfield>
    <subfield code="s">2023-12-30</subfield>
    <subfield code="t">1</subfield>
    <subfield code="v">290.00</subfield>
    <subfield code="y">CH</subfield>
  </datafield>
  <datafield tag="952" ind1=" " ind2=" ">
    <subfield code="0">0</subfield>
    <subfield code="1">0</subfield>
    <subfield code="4">0</subfield>
    <subfield code="7">0</subfield>
    <subfield code="8">NFIC</subfield>
    <subfield code="a">PR</subfield>
    <subfield code="b">PR</subfield>
    <subfield code="d">2023-07-18</subfield>
    <subfield code="e">Rainbow Books/CH/RB/13597/14.3.23/459/2.3.23/22.3.23</subfield>
    <subfield code="g">290.00</subfield>
    <subfield code="l">0</subfield>
    <subfield code="o">000 BIG</subfield>
    <subfield code="p">B-754806</subfield>
    <subfield code="r">2023-07-18 00:00:00</subfield>
    <subfield code="t">1</subfield>
    <subfield code="v">290.00</subfield>
    <subfield code="y">CH</subfield>
  </datafield>
  <datafield tag="952" ind1=" " ind2=" ">
    <subfield code="0">0</subfield>
    <subfield code="1">0</subfield>
    <subfield code="4">0</subfield>
    <subfield code="7">0</subfield>
    <subfield code="8">NFIC</subfield>
    <subfield code="a">CJ</subfield>
    <subfield code="b">CJ</subfield>
    <subfield code="d">2023-07-18</subfield>
    <subfield code="e">Rainbow Books/CH/RB/13597/14.3.23/459/2.3.23/22.3.23</subfield>
    <subfield code="g">290.00</subfield>
    <subfield code="l">5</subfield>
    <subfield code="m">1</subfield>
    <subfield code="o">000 BIG</subfield>
    <subfield code="p">B-754807</subfield>
    <subfield code="r">2024-10-18 00:00:00</subfield>
    <subfield code="s">2024-10-04</subfield>
    <subfield code="t">1</subfield>
    <subfield code="v">290.00</subfield>
    <subfield code="y">CH</subfield>
  </datafield>
  <datafield tag="952" ind1=" " ind2=" ">
    <subfield code="0">0</subfield>
    <subfield code="1">0</subfield>
    <subfield code="4">0</subfield>
    <subfield code="7">0</subfield>
    <subfield code="8">NFIC</subfield>
    <subfield code="a">ZLS</subfield>
    <subfield code="b">ZLS</subfield>
    <subfield code="d">2023-07-18</subfield>
    <subfield code="e">Rainbow Books/CH/RB/13597/14.3.23/459/2.3.23/22.3.23</subfield>
    <subfield code="g">290.00</subfield>
    <subfield code="l">0</subfield>
    <subfield code="o">000 BIG</subfield>
    <subfield code="p">B-754808</subfield>
    <subfield code="r">2023-07-18 00:00:00</subfield>
    <subfield code="t">1</subfield>
    <subfield code="v">290.00</subfield>
    <subfield code="y">CH</subfield>
  </datafield>
  <datafield tag="952" ind1=" " ind2=" ">
    <subfield code="0">0</subfield>
    <subfield code="1">0</subfield>
    <subfield code="4">0</subfield>
    <subfield code="7">0</subfield>
    <subfield code="8">NFIC</subfield>
    <subfield code="a">AG</subfield>
    <subfield code="b">AG</subfield>
    <subfield code="d">2023-07-18</subfield>
    <subfield code="e">Rainbow Books/CH/RB/13597/14.3.23/459/2.3.23/22.3.23</subfield>
    <subfield code="g">290.00</subfield>
    <subfield code="l">0</subfield>
    <subfield code="o">000 BIG</subfield>
    <subfield code="p">B-754809</subfield>
    <subfield code="r">2023-07-18 00:00:00</subfield>
    <subfield code="t">1</subfield>
    <subfield code="v">290.00</subfield>
    <subfield code="y">CH</subfield>
  </datafield>
  <datafield tag="952" ind1=" " ind2=" ">
    <subfield code="0">0</subfield>
    <subfield code="1">0</subfield>
    <subfield code="4">0</subfield>
    <subfield code="7">0</subfield>
    <subfield code="8">NFIC</subfield>
    <subfield code="a">BN</subfield>
    <subfield code="b">BN</subfield>
    <subfield code="d">2023-07-18</subfield>
    <subfield code="e">Rainbow Books/CH/RB/13597/14.3.23/459/2.3.23/22.3.23</subfield>
    <subfield code="g">290.00</subfield>
    <subfield code="l">1</subfield>
    <subfield code="o">000 BIG</subfield>
    <subfield code="p">B-754810</subfield>
    <subfield code="r">2024-04-03 00:00:00</subfield>
    <subfield code="s">2024-03-30</subfield>
    <subfield code="t">1</subfield>
    <subfield code="v">290.00</subfield>
    <subfield code="y">CH</subfield>
  </datafield>
  <datafield tag="952" ind1=" " ind2=" ">
    <subfield code="0">0</subfield>
    <subfield code="1">0</subfield>
    <subfield code="4">0</subfield>
    <subfield code="7">0</subfield>
    <subfield code="8">NFIC</subfield>
    <subfield code="a">BL4</subfield>
    <subfield code="b">BL4</subfield>
    <subfield code="d">2023-07-18</subfield>
    <subfield code="e">Rainbow Books/CH/RB/13597/14.3.23/459/2.3.23/22.3.23</subfield>
    <subfield code="g">290.00</subfield>
    <subfield code="l">1</subfield>
    <subfield code="o">000 BIG</subfield>
    <subfield code="p">B-754811</subfield>
    <subfield code="r">2023-12-04 00:00:00</subfield>
    <subfield code="s">2023-11-13</subfield>
    <subfield code="t">1</subfield>
    <subfield code="v">290.00</subfield>
    <subfield code="y">CH</subfield>
  </datafield>
  <datafield tag="952" ind1=" " ind2=" ">
    <subfield code="0">0</subfield>
    <subfield code="1">0</subfield>
    <subfield code="4">0</subfield>
    <subfield code="7">0</subfield>
    <subfield code="8">NFIC</subfield>
    <subfield code="a">BL4</subfield>
    <subfield code="b">BL4</subfield>
    <subfield code="d">2023-07-18</subfield>
    <subfield code="e">Rainbow Books/CH/RB/13597/14.3.23/459/2.3.23/22.3.23</subfield>
    <subfield code="g">290.00</subfield>
    <subfield code="l">2</subfield>
    <subfield code="o">000 BIG</subfield>
    <subfield code="p">B-754812</subfield>
    <subfield code="r">2025-04-07 00:00:00</subfield>
    <subfield code="s">2025-03-28</subfield>
    <subfield code="t">1</subfield>
    <subfield code="v">290.00</subfield>
    <subfield code="y">CH</subfield>
  </datafield>
</record>
